000 00664nam a2200277Ia 4500
005 20260324123952.0
008 008 260324s9999 xx 000 0 eng d
020 _a9781003124153
037 _aEBOOK
040 _aCRL
040 _beng
040 _cCRL
041 _2eng
041 _aeng
084 _qCRL
100 _aRussell M. Lawson
_9872185
245 0 _aEbenezer Hazard, Jeremy Belknap and the American Revolution
260 _bTaylor and Francis
260 _c2011
365 _a
365 _b170
856 _uhttp://www.taylorfrancis.com/books/9781003124153
942 _cEBOOK
999 _c1766321
_d1766321